000 00599nam a2200193 i 4500
001 133331
003 ES-MaACL
005 20250824063043.0
007 t|
008 070214s1955 sp |||| | spa d
100 1 _aRubió i Tuduri, Marià,
_d1896-1962
_9100450
245 1 3 _aLa lucha por la paz
_b: (guerra fría o guerra total) /
_cMariano Rubió y Tudurí.
260 _aBarcelona :
_bBosch,
_c1955.
300 _a128 p. ;
_c21 cm.
650 0 4 _aGuerra fría.
_913206
650 4 _aPolítica mundial-
_y1945-1955.
_916302
852 _aES-MaACL
_jC-10394
999 _c133331
_d133331